000 00635naa a2200217 i 4500
001 56232
003 ES-MaBCM
005 20241016111752.0
008 981116s1998 fra 000 0 fre d
021 _axx
035 _a(OCoLC)1365231879
040 _cES-MaBCM
041 0 _afre
043 _afra
100 1 _aPeyrical, Jean Marc
_936790
245 1 0 _aReflexions autour de la sphère des compétences particulieres des communes
_cJean Marc Peyrical
650 2 7 _aMunicipio
_959504
651 4 _aFrancia
_9115364
773 0 _aEn:
_tRecueil Dalloz
_dParis : 1998
_w105307
_gnº 36, oct., p. 341-344. - Loc. S.334
942 _cAREV
999 _c56232
_d56232